书目信息 |
| 题名: |
欧盟国际协定人权条款研究
|
|
| 作者: | 刘超 著 | |
| 分册: | ||
| 出版信息: | 南京 南京大学出版社 2014 |
|
| 页数: | 328页 | |
| 开本: | 23cm | |
| 丛书名: | 西方制度建构与社会发展研究丛书 | |
| 单 册: | ||
| 中图分类: | D815.7 | |
| 科图分类: | ||
| 主题词: | ||
| 电子资源: | ||
| ISBN: | 978-7-305-12998-8 | |
| 000 | 01162nam0 22002651 450 | |
| 001 | 0116132746 | |
| 005 | 20161219100354.98 | |
| 010 | @a978-7-305-12998-8@dCNY49.00 | |
| 100 | @a20140730d2014 em y0chiy50 ea | |
| 101 | 0 | @achi |
| 102 | @aCN@b320000 | |
| 105 | @ay z 001yy | |
| 106 | @ar | |
| 200 | 1 | @a欧盟国际协定人权条款研究@9ou meng guo ji xie ding ren quan tiao kuan yan jiu@f刘超著 |
| 210 | @a南京@c南京大学出版社@d2014 | |
| 215 | @a328页@d23cm | |
| 225 | 2 | @a西方制度建构与社会发展研究丛书@9xi fang zhi du jian gou yu she hui fa zhan yan jiu cong shu@f陈晓律主编 |
| 300 | @a教育部后期资助项目 国家“211工程”资助项目 南京大学人文基金资助项目 | |
| 330 | @a本书对欧盟国际协定中人权条款研究中欧盟人权条款产生的背景、动因、目标设定,人权条款的内涵规定、性质、特征、法律基础,欧盟机构角色互动、实施机制、运作模式,以及对人权普及、国际规则发展与国际关系潜在影响等都有所研究。 | |
| 461 | 0 | @12001 @a西方制度建构与社会发展研究丛书@f陈晓律主编 |
| 601 | 02 | @a欧洲国家联盟@Aou zhou guo jia lian meng@x人权@x研究 |
| 690 | @aD815.7@v5 | |
| 701 | 0 | @a刘超@9liu chao@f(1982~)@4著 |
| 801 | 0 | @aCN@bTANGWEI@c20161216 |
| 905 | @b0952794-8@dD815.7@e119@f5 | |
| 欧盟国际协定人权条款研究/刘超著.-南京:南京大学出版社,2014 |
| 328页;23cm.-(西方制度建构与社会发展研究丛书/陈晓律主编) |
| 教育部后期资助项目 国家“211工程”资助项目 南京大学人文基金资助项目 |
| ISBN 978-7-305-12998-8:CNY49.00 |
| 本书对欧盟国际协定中人权条款研究中欧盟人权条款产生的背景、动因、目标设定,人权条款的内涵规定、性质、特征、法律基础,欧盟机构角色互动、实施机制、运作模式,以及对人权普及、国际规则发展与国际关系潜在影响等都有所研究。 |
| ● |
| 相关链接 |
|
|
|
|
正题名:欧盟国际协定人权条款研究
索取号:D815.7/119
 
预约/预借
| 序号 | 登录号 | 条形码 | 馆藏地/架位号 | 状态 | 备注 |
| 1 | 0952794 | 209527948 | 第一样本阅览室/ [索取号:D815.7/119] | 在馆 | |
| 2 | 0952795 | 209527957 | 第一借阅区/ [索取号:D815.7/119] | 在馆 | |
| 3 | 0952796 | 209527966 | 第一借阅区/ [索取号:D815.7/119] | 在馆 | |
| 4 | 0952797 | 209527975 | 第一借阅区/ [索取号:D815.7/119] | 在馆 | |
| 5 | 0952798 | 209527984 | 第一借阅区/ [索取号:D815.7/119] | 在馆 |